000 00548nam a22001937a 4500
003 KOHA_MİRAKIL
005 20251022131232.0
008 251022b tu ||||| |||| 00| 0 tur d
020 _a9786050818604
040 _aTR-AnABB
_btur
_cTR-AnABB
041 _atur
082 _a814.42
_bYIL 2020
100 1 _aYıldız, Ahmed Günbay
245 1 0 _aAşk diye bir şey /
_cAhmet Günbay Yıldız
260 _aİstanbul :
_bTimaş Yayınları,
_c2020
300 _a172 sayfa ;
_c21 cm
650 0 4 _aTürk edebiyatı, roman
942 _2ddc
_cBK
999 _c9180
_d9180
900 _bGizem YORULMAZ